Medzinárodné podnikanie multinacionálne podniky

Bibliographic Details
Main Author: Sršňová, Jana (Author)
Format: Book
Language:Slovak
PhysicalDescription:189 s. sch. 21 cm
Published: Bratislava Ekonóm 2000
ISBN:8022512400
Subjects:

MARC

LEADER 00000nam a2200000 a 4500
001 vtls001398795
003 SK-MaSNL
005 20260302001124.0
008 240318s2000 xo a r y slo
015 |a SNBA2000/12-04443 
020 |a 8022512400 
035 |a SNK000353245 
035 |a urn:nbn:sk:snk-amklw9 
035 |a urn:nbn:sk:snk-am003vmt 
035 |a 5588B520-6B60-4BA5-91E2-274D47608F4D 
040 |a SNK  |b slo  |c SNK  |e AACR2 
041 0 |a slo 
044 |a xo  |c SK 
080 |a 339.9:334.726  |2 1981 
080 |a 334.726  |2 1981 
100 1 |a Sršňová, Jana  |4 aut  |9 375805 
245 1 0 |a Medzinárodné podnikanie  |b multinacionálne podniky  |c Jana Sršňová 
260 |a Bratislava  |b Ekonóm  |c 2000 
300 |a 189 s.  |b sch.  |c 21 cm 
500 |a 750 výt. 
504 |a Bibliogr. s. 185-189 
650 0 7 |a nadnárodné spoločnosti  |2 SNKPH  |9 4340 
650 0 7 |a medzinárodné podnikanie  |2 SNKPH  |9 247474 
655 7 |a príručky  |2 SNKPH  |9 74364 
655 7 |a monografie  |2 SNKPH  |9 70139 
919 |a 80-225-1240-0 
958 |a TL 
958 |a NB 
999 |c 982575  |d 984505 
952 |t P60, <03>, [BOOK], {603}  |a SNK  |b SNK  |y PREZ  |7 0  |p 17A0256393  |o snkSC 102984  |i snkKSP 10987/2000  |0 0  |1 0  |4 0  |d 2000-10-25  |f 1  |l 0  |r 2025-09-24 00:00:00  |w 2026-02-24 
952 |a SNK  |b SNK  |y VYP  |7 0  |p 17A0256394  |o snkSC 102984 D1  |i snkKSP 10988/2000  |0 0  |1 0  |4 0  |d 2005-01-26  |l 0  |r 2026-02-24 11:23:33  |w 2026-02-24